O mundo à nossa volta (Record no. 45546)
[ view plain ]
| 000 -Etiqueta do registo | |
|---|---|
| Valores | 00557nam a2200217 4500 |
| 010 ## - Número ISBN | |
| ISBN | 9789896333669 |
| 021 ## - Número do Depósito Legal | |
| Número | 309478/10 |
| 100 ## - Dados gerais de processamento | |
| Dados gerais | 20130724d2010 cd y0pory50030103ba |
| 101 1# - Língua de publicação | |
| Língua | por |
| 102 ## - País de publicação | |
| País | PT |
| 200 1# - Titulo e menção de responsabilidade | |
| Título próprio | O mundo à nossa volta |
| Informação de outro título | livro que fala |
| Primeira menção de responsabilidade | Julia Gasteva |
| Outras menções de responsabilidade | trad. e adapt. Isarey |
| 210 #9 - Publicação | |
| Local de publicação | Sintra |
| Nome do editor | Girassol, |
| Data de publicação | D.L. 2010 |
| 215 ## - Descrição física | |
| Paginação / Volumes | [16] p. |
| Outras indicações físicas | il. |
| Dimensões | 30 cm |
| 225 ## - Colecção | |
| Título próprio da colecção | Livro que fala |
| 327 1# - Nota de conteúdo | |
| Texto da nota | Contém 30 sons |
| 675 ## - CDU | |
| Notação | 087.5 |
| Edição | BN |
| Língua | por |
| 712 02 - Autor entidade secundário | |
| Nome da entidade | Isarey |
| 801 #0 - Fonte de origem | |
| País | PT |
| Agência | BN |
| Regras de catalogação | RPC |
| 990 ## - Elementos KOHA | |
| Tipo de documento | Livro |
| Aquisição | Empréstimo | Código de barras | Cota | Permissão de empréstimo | Tipo de documento |
|---|---|---|---|---|---|
| Biblioteca do Centro Lúdico de Redondo | Biblioteca do Centro Lúdico de Redondo | 056242 | 087.5 GAS | Livro |